000 00281nam a2200121 a 4500
008 101025s2006|||| d
100 1 _aQuinnová, Júlia
245 1 0 _aSpaľujúca vášeň
260 _bIkar
_aBratislava
_c2006
041 _aslo
020 _c299
044 _axo
_cSK
999 _c12161
_d12161